000 00754nmc a2200289 a 4500
003 AR-BaBNM
005 20251128205651.0
008 178019s1993 ||||||||||||||000 | spa||
020 _a950-04-1133-4
040 _cAR-BaBNM
100 1 _aVillafañe, Javier
245 1 0 _aHistorias de pájaros
260 _aBuenos Aires
_bEmecé
_c1993
300 0 _a178 p.
490 0 _aEscritores argentinos. Novelas, cuentos y relatos
650 4 _aLITERATURA ARGENTINA
650 4 _aLITERATURA FOLKLORICA
650 4 _aLITERATURA CONTEMPORANEA
650 4 _aCOSTUMBRES Y TRADICIONES
650 4 _aLEYENDAS
650 4 _aCUENTOS DE ANIMALES
650 4 _aAVES
650 4 _aORNITOLOGIA
655 _aLITERATURA
942 _cBK
998 _cMARTIN
999 _c12318
_d12318